Puteri belatuk rimba

Bibliographic Details
Main Author: Zubima F.A
Format: Book
Published: Klang : Pustaka Mawar , 1996
Series:Siri cerita rakyat saujana
Subjects:

MARC

LEADER 00000cam a2200000 7i4500
001 0000007085
002 000007626
005 20070109.0
020 |a 9838751448 
090 0 0 |a JF   |b ZUB 
100 0 |a Zubima F.A 
245 1 0 |a Puteri belatuk rimba   |c Zubima F.A 
260 |a Klang :   |b Pustaka Mawar ,   |c 1996 
300 |a 82p. :   |b ill. ;   |c 21cm. 
490 0 |a Siri cerita rakyat saujana 
650 0 0 |a Folk literature, Malay 
999 |a 053433   |b BUKU   |c PINJAMAN   |e PERPUSTAKAAN KOMUNITI PETALING JAYA